000
00182nam a2200085Ia 4500
008
170620s9999 xx 000 0 und d
100
_a
A.I.R.
245
0
_a
ALL INDIA REPORTER
260
_b
"NAGPUR
260
_c
AIR"
999
_c
29601
_d
29601